1146 1379 1707 1514 1806 1220 1274 1023 1411 1755 1144 1910 1787 1792 1359 1678 1383 1392 1255 1671 1964 1735 1903 1904 1950 1525 1746 1916 1400 1974 1927 1265 1709 1400 1564 1024 1962 1765 1516 1177 1327 1560 1137 1606 1183 1297 1231 1419 1220 1905 1890 1312 1687 1716 1746 1669 1596 1147 1705 1272 1332 1998 1132 1504 1235 1137 1337 1977 1526 1227 1586 1346 1126 1916 1246 1719 1757 1142 1133 1241 1055 1494 1828 1416 1163 1627 1540 1931 1466 1497 1033 1290 1934 1679 1078 1436 1298 1526 1401 BCNSPRNW ULIB Ver.6.0+V

เปลี่ยนเป็นภาษาไทย

Change to English
 แสดงรายละเอียดบรรณานุกรม
  กลับหน้าหลัก

Brief Record : Get Marc (ISO 2709) : E-mail record : QR code < ปิดหน้าต่าง
LEADER : 00000nam 2200000uu 4500
001    13399125671
003     ULIB
008    170713s2559||||th 000 0 tha d
020    ^a9786161810573
060  0 ^aQV766^bพ237ป
100 0  ^aพรดี จันทรเวชชสมาน^eเรียบเรียง
245 00 ^aประโยชน์มหัศจรรย์ : น้ำมันงา /^cพรดี จันทรเวชชสมาน^eเรียบเรียง
260    ^aกรุงเทพฯ :^bอมรินทร์เฮลท์ อมรินทร์พริ้นติ้งแอนด์พับลิชชิ่ง,^c2559
300    ^a102 หน้า :^bภาพประกอบ ;^c21 ซม.
650  0 ^aพืชน้ำมัน^xงา
650  0 ^aน้ำมันงา
650  0 ^aสมุนไพร^xการปรุงอาหาร(งา)^yการรักษาโรค
650  0 ^aความงาม
945    ^p89^l0^i25252
999    ^aกัณชพร จุลอักษร
รายการนี้ยังไม่มีแท็ก
คุณยังไม่ได้ล็อกอิน คุณสามารถมีกิจกรรมร่วมกับเว็บไซต์ได้ แต่ต้องล็อกอินก่อน ::
  ล็อกอิน

รายการสื่อสารสนเทศ

ลำดับที่ ประเภท เลขเรียก/บาร์โค้ด สถานที่ สถานะ
1. วิทยาศาสตร์การแพทย์ และสุขภาพ
วิทยาศาสตร์การแพทย์ และสุขภาพ
QV766 พ237ป ฉ.1 
  Barcode: 25252
ห้องสมุดวิทยาเขตนครสวรรค์
►หนังสือทั่วไป:l:General Books
บนชั้น

รายการใกล้เคียง
    หัวเรื่อง [น้ำมันงา]
    หัวเรื่อง [ความงาม]

BibComment


ยังไม่เคยถูกคอมเมนท์

คอมเมนท์ทรัพยากรรายการนี้
  คอมเมนท์: ประโยชน์มหัศจรรย..


 Copyright 2026. Bcnsprnw @Library